Földindulás Kelet-Európában 1991-1992 Albánia, Bulgária, Csehszlovákia, Jugoszlávia, Lengyelország, Magyarország, Románia, Szovjetunió és az utódállamok Kiegészítő kötet [4]

Bibliographic Details
Other Authors: Molnár, Va (Compiler), Vladár, Tamás (Compiler)
Format: Book
Language:Hungarian
PhysicalDescription:335 s. 29 cm
Published: Budapest MTI 1992
ISBN:963 7560 10 6
Subjects:

MARC

LEADER 00000cam a2200000 a 4500
001 vtls001290627
003 SK-MaSNL
005 20260425225314.0
008 240226s1992 hu 001 0 hun
015 |a SNBZSA1997-00298 
020 |a 963 7560 10 6 
035 |a SNK000242276 
035 |a urn:nbn:sk:snk-amlm1n 
035 |a urn:nbn:sk:snk-am00brov 
035 |a A3FA7398-2793-46EA-95D3-9A0034837B34 
040 |a SNK  |b slo  |c SNK  |e AACR2 
041 0 |a hun 
044 |a hu  |c HU 
080 |a 323.2(4-11)(4-191.2)"1991/1992"=945.11  |2 1981 
245 0 0 |a Földindulás Kelet-Európában 1991-1992  |b Albánia, Bulgária, Csehszlovákia, Jugoszlávia, Lengyelország, Magyarország, Románia, Szovjetunió és az utódállamok  |n Kiegészítő kötet [4]  |c [a kiadványt szerkesztette Molnár va és Vladár Tamás] 
260 |a Budapest  |b MTI  |c 1992 
300 |a 335 s.  |c 29 cm 
504 |a Obsahuje register 
648 7 |a 1991-1992  |2 SNKPH  |9 280887 
650 0 7 |a vnútorná politika  |2 SNKPH  |9 970 
651 7 |a Európa stredná  |2 SNKPHgeo  |9 23970 
651 7 |a Európa východná  |2 SNKPHgeo  |9 167635 
651 7 |a Československo  |2 SNKPHgeo  |9 21376 
655 7 |a letopisy  |2 SNKPH  |9 30428 
700 1 |a Molnár, Va  |4 com  |9 61845 
700 1 |a Vladár, Tamás  |4 com  |9 378578 
852 |a Slovenská národná knižnica 
919 |a 963 7560 10 6 
954 |a odborná, vedecká literatúra cudzojazyčná (svetová)  |2 lita 
958 |a ZS 
958 |a TL 
958 |a HU 
958 |a OND 
999 |c 644530  |d 646460 
952 |t P60, <03>, [BOOK], {603}  |a SNK  |b SNK  |y PREZ  |7 0  |p 17A0072696  |o snkSB 49580/dod.1991-92  |i snkV 1482/97  |0 0  |1 0  |4 0  |d 1997-06-20  |f 1  |l 0  |r 2025-02-28 00:00:00  |w 2026-02-23